LEADER 01580oam 2200409I 450 001 9910707326203321 005 20160727143837.0 035 $a(CKB)5470000002464259 035 $a(OCoLC)946823213 035 $a(EXLCZ)995470000002464259 100 $a20160411j201602 ua 0 101 0 $aeng 135 $aurcn||||a|||| 181 $ctxt$2rdacontent 182 $cc$2rdamedia 183 $acr$2rdacarrier 200 10$aProcess design and economics for the production of algal biomass $ealgal biomass production in open pond systems and processing through dewatering for downstream conversion /$fRyan Davis [and five others] 210 1$aGolden, CO :$cNational Renewable Energy Laboratory,$dFebruary 2016. 215 $a1 online resource (viii, 119 pages) $cillustrations (some color) 225 1 $aTechnical report NREL/TP ;$v5100-64772 300 $aTitle from title screen (viewed on July 27, 2016). 320 $aIncludes bibliographical references (pages 91-98). 517 $aProcess design and economics for the production of algal biomass 606 $aAlgal biofuels$xEconomic aspects 606 $aAlgal biofuels$xDewatering 615 0$aAlgal biofuels$xEconomic aspects. 615 0$aAlgal biofuels$xDewatering. 700 $aDavis$b Ryan$01393294 712 02$aNational Renewable Energy Laboratory (U.S.), 801 0$bLLB 801 1$bLLB 801 2$bOCLCO 801 2$bGPO 906 $aBOOK 912 $a9910707326203321 996 $aProcess design and economics for the production of algal biomass$93547676 997 $aUNINA LEADER 01089nam0 22002891i 450 001 UON00229780 005 20231205103455.892 100 $a20030730d1969 |0itac50 ba 101 $aita 102 $aIT 105 $a|||| ||||| 200 1 $aˆIl ‰ "verum factum" prima di Vico$fRodolfo Mondolfo 210 $aNapoli$cGuida$d1969 215 $a87 p.$d21 cm 410 1$1001UON00173905$12001 $aStudi vichiani$1210 $aNapoli$cGuida.$v1 606 $aAZIONE (Filosofia)$3UONC046044$2FI 606 $aGnoseologia$3UONC029029$2FI 620 $aIT$dNapoli$3UONL000012 676 $a128.4$cFilosofia - Azione ed esperienza umana$v20 700 1$aMONDOLFO$bRodolfo$3UONV064711$0120211 712 $aGuida$3UONV256737$4650 801 $aIT$bSOL$c20250516$gRICA 899 $aSIBA - SISTEMA BIBLIOTECARIO DI ATENEO$2UONSI 912 $aUON00229780 950 $aSIBA - SISTEMA BIBLIOTECARIO DI ATENEO$dSI FS 01151 $eSI LO 3082 5 996 $a"verum-factum" prima di Vico$9476373 997 $aUNIOR